[Event "HUN-chT5"]
[Site "Hungary"]
[Date "2022.12.03"]
[Round "1.3"]
[White "Harangozo, Tamas"]
[Black "Illes Nagy, Adam"]
[Result "1-0"]
[WhiteElo "1693"]
[BlackElo "1161"]
[PlyCount "91"]
[EventDate "2022.12.03"]
[EventType "team-tourn"]
[EventRounds "9"]
[EventCountry "HUN"]
[SourceTitle "EXT 2024"]
[Source "ChessBase"]
[SourceDate "2023.10.10"]
[SourceVersion "1"]
[SourceVersionDate "2023.10.10"]
[SourceQuality "1"]

1. d4 d5 2. Nf3 Nf6 3. Bg5 h6 4. Bh4 Be6 5. e3 Nc6 6. Bb5 Qd7 7. Ne5 Qd6 8. c3 Bd7 9. Qa4 Nxe5 10. dxe5 Bxb5 11. Qxb5+ Qd7 12. Qxb7 Qc8 13. Qxc8+ Rxc8 14. exf6 exf6 15. Nd2 h5 16. 0-0-0 g5 17. Nf3 gxh4 18. Rxd5 Bh6 19. Nxh4 0-0 20. Rxh5 Bg5 21. Nf5 Rce8 22. h4 Re5 23. Ng3 Bxe3+ 24. fxe3 Rxe3 25. Rh3 Rfe8 26. Nf5 Re1+ 27. Kc2 R8e2+ 28. Kb3 Rxg2 29. Rd3 Kf8 30. Rd8+ Re8 31. Rh8+ Rg8 32. Rxe8+ Kxe8 33. Rxg8+ Kd7 34. h5 Ke6 35. h6 Kxf5 36. h7 Ke4 37. h8Q f5 38. Qd4+ Kf3 39. Rh8 f4 40. Rh4 c5 41. Qxf4+ Ke2 42. Rh3 c4+ 43. Kxc4 f5 44. Qf3+ Kd2 45. Rh2+ Ke1 46. Qh1# 1-0

[Event "Mosonmagyarovar Polip Kupa-A 2nd"]
[Site "Mosonmagyarovar"]
[Date "2022.07.09"]
[Round "3"]
[White "Harangozo, Tamas"]
[Black "Somogyi, Barbara"]
[Result "1-0"]
[WhiteElo "1695"]
[BlackElo "1682"]
[PlyCount "45"]
[EventDate "2022.07.09"]
[EventType "swiss"]
[EventRounds "4"]
[EventCountry "HUN"]
[SourceTitle "EXT 2023"]
[Source "ChessBase"]
[SourceDate "2022.10.05"]
[SourceVersion "1"]
[SourceVersionDate "2022.10.05"]
[SourceQuality "1"]

1. Nf3 d5 2. d4 Nf6 3. e3 e6 4. c4 Nbd7 5. Bd3 dxc4 6. Bxc4 Bd6 7. 0-0 0-0 8. Nbd2 c5 9. a3 b6 10. dxc5 Nxc5 11. b4 Nce4 12. Bb2 Bb7 13. Rc1 Rc8 14. Nxe4 Nxe4 15. Qd4 Nf6 16. Ng5 h6 17. Nxe6 fxe6 18. Bxe6+ Kh8 19. Bxc8 Bxc8 20. Rxc8 Qxc8 21. Qxd6 Rd8 22. Qf4 Nd5 23. Qxh6+ 1-0

[Event "HUN-chT Region CSB"]
[Site "Hungary"]
[Date "2022.04.09"]
[Round "9.2"]
[White "Harangozo, Tamas"]
[Black "Nyuli, Leila"]
[Result "1-0"]
[WhiteElo "1708"]
[BlackElo "1281"]
[PlyCount "29"]
[EventDate "2021.11.06"]
[EventType "team-swiss"]
[EventRounds "10"]
[EventCountry "HUN"]
[SourceTitle "EXT 2023"]
[Source "ChessBase"]
[SourceDate "2022.10.05"]
[SourceVersion "1"]
[SourceVersionDate "2022.10.05"]
[SourceQuality "1"]
[WhiteTeam "Asvanyraro Szigetkoezi"]
[BlackTeam "Szombathely"]
[WhiteTeamCountry "HUN"]
[BlackTeamCountry "HUN"]

1. d4 d5 2. Nf3 Nf6 3. c4 e6 4. g3 dxc4 5. Qa4+ Bd7 6. Qxc4 Nc6 7. Bg2 b5 8. Qb3 a5 9. Ne5 Nxd4 10. Qd3 c5 11. e3 Bc6 12. Bxc6+ Nxc6 13. Qxb5 Rc8 14. Nxc6 Qd5 15. Nb4+ 1-0

[Event "HUN-chT Region CSB"]
[Site "Hungary"]
[Date "2022.03.12"]
[Round "8.2"]
[White "Halmai, Florian"]
[Black "Harangozo, Tamas"]
[Result "0-1"]
[WhiteElo "1394"]
[BlackElo "1708"]
[PlyCount "78"]
[EventDate "2021.11.06"]
[EventType "team-swiss"]
[EventRounds "10"]
[EventCountry "HUN"]
[SourceTitle "EXT 2023"]
[Source "ChessBase"]
[SourceDate "2022.10.05"]
[SourceVersion "1"]
[SourceVersionDate "2022.10.05"]
[SourceQuality "1"]
[WhiteTeam "Sopron MAFC"]
[BlackTeam "Asvanyraro Szigetkoezi"]
[WhiteTeamCountry "HUN"]
[BlackTeamCountry "HUN"]

1. e4 e6 2. d4 d5 3. exd5 exd5 4. Nf3 Bd6 5. Bd3 Ne7 6. 0-0 0-0 7. Re1 Bf5 8. Bg5 f6 9. Bxf5 Nxf5 10. Bd2 Nc6 11. a3 Kh8 12. Nc3 Nce7 13. Nb5 c6 14. Nxd6 Nxd6 15. Re6 Ne4 16. Bb4 Re8 17. Rxe7 Rxe7 18. Bxe7 Qxe7 19. Qe2 Qf7 20. Re1 Re8 21. Nd2 Nd6 22. Qd1 Kg8 23. Kf1 Qg6 24. Rxe8+ Qxe8 25. Qe2 Qd7 26. a4 g6 27. f3 Kf7 28. b3 Nf5 29. c3 Qd6 30. g4 Nh4 31. Qf2 g5 32. Qg3 Qd8 33. f4 Ng6 34. fxg5 fxg5 35. Qf3+ Nf4 36. Kf2 Qd6 37. Qe3 Qh6 38. Nf3 Qf6 39. Qe5 Nd3+ 0-1

[Event "HUN-chT Region CSB"]
[Site "Hungary"]
[Date "2022.02.12"]
[Round "5.2"]
[White "Molnar, Bendeguz"]
[Black "Harangozo, Tamas"]
[Result "0-1"]
[WhiteElo "1259"]
[BlackElo "1708"]
[PlyCount "24"]
[EventDate "2021.11.06"]
[EventType "team-swiss"]
[EventRounds "10"]
[EventCountry "HUN"]
[SourceTitle "EXT 2023"]
[Source "ChessBase"]
[SourceDate "2022.10.05"]
[SourceVersion "1"]
[SourceVersionDate "2022.10.05"]
[SourceQuality "1"]
[WhiteTeam "Gyor Arrabona"]
[BlackTeam "Asvanyraro Szigetkoezi"]
[WhiteTeamCountry "HUN"]
[BlackTeamCountry "HUN"]

1. d4 d5 2. c4 e6 3. Nc3 Nf6 4. cxd5 exd5 5. Bg5 Be7 6. Qc2 h6 7. Bf4 c6 8. Nf3 0-0 9. e3 Re8 10. Bd3 Nbd7 11. Nb5 Qa5+ 12. Qc3 Bb4 0-1

[Event "HUN-chT Region CSB"]
[Site "Hungary"]
[Date "2021.11.06"]
[Round "2.3"]
[White "Vizkeleti, Peter"]
[Black "Harangozo, Tamas"]
[Result "0-1"]
[WhiteElo "1099"]
[BlackElo "1708"]
[PlyCount "84"]
[EventDate "2021.11.06"]
[EventType "team-swiss"]
[EventRounds "10"]
[EventCountry "HUN"]
[SourceTitle "EXT 2023"]
[Source "ChessBase"]
[SourceDate "2022.10.05"]
[SourceVersion "1"]
[SourceVersionDate "2022.10.05"]
[SourceQuality "1"]
[WhiteTeam "Gyor Szecheny"]
[BlackTeam "Asvanyraro Szigetkoezi"]
[WhiteTeamCountry "HUN"]
[BlackTeamCountry "HUN"]

1. d4 d5 2. Bf4 Nf6 3. e3 e6 4. Nd2 c5 5. c3 Bd6 6. Bg3 0-0 7. Ngf3 Re8 8. Ne5 b6 9. Bb5 Rf8 10. Qa4 Bxe5 11. dxe5 Ne8 12. Bd3 c4 13. Bb1 f5 14. exf6 Nxf6 15. Qc2 Nbd7 16. e4 Nc5 17. e5 Nd3+ 18. Kf1 Ng4 19. Nf3 Qc7 20. h3 Nh6 21. Qe2 Ba6 22. b3 Nf5 23. Bh2 Qc5 24. Bg1 Nf4 25. b4 Nxe2 26. bxc5 Nxc3 27. Bxf5 Rxf5 28. Nd4 Rxe5 29. c6 Na4 30. f3 Nc5 31. a4 Rf8 32. Bh2 Re3 33. Nb5 e5 34. Nc7 d4 35. Kf2 c3 36. Nd5 Re2+ 37. Kg3 Nd3 38. a5 b5 39. Nc7 Bc8 40. Rad1 Nf4 41. Nxb5 Rxg2+ 42. Kh4 g5# 0-1

[Event "HUN-chT4b 1415"]
[Site "Hungary"]
[Date "2014.10.04"]
[Round "2.1"]
[White "Erky, Tamas"]
[Black "Harangozo, Tamas"]
[Result "0-1"]
[WhiteElo "1544"]
[BlackElo "1613"]
[PlyCount "92"]
[EventDate "2014.10.04"]
[EventType "team-tourn"]
[EventRounds "7"]
[EventCountry "HUN"]
[SourceTitle "EXT 2016"]
[Source "ChessBase"]
[SourceDate "2015.10.08"]
[SourceVersion "1"]
[SourceVersionDate "2015.10.08"]
[SourceQuality "1"]

1. e4 e6 2. d4 d5 3. exd5 exd5 4. Nf3 Bd6 5. Bd3 Ne7 6. Bg5 f6 7. Be3 Bg4 8. h3 Bh5 9. Nbd2 0-0 10. 0-0 Nd7 11. c3 f5 12. Bg5 h6 13. Bxe7 Qxe7 14. Re1 Qf6 15. Qb3 Nb6 16. c4 dxc4 17. Bxc4+ Nxc4 18. Qxc4+ Bf7 19. Qa4 Bd5 20. Ne5 Bxe5 21. Rxe5 c6 22. Nf1 f4 23. Qc2 Qh4 24. f3 Rf6 25. Rae1 Bf7 26. a3 Rd8 27. Qc3 Rg6 28. Kh2 Rdd6 29. R1e2 b5 30. R5e4 Bc4 31. Re8+ Kh7 32. Qe1 Qxe1 33. Rxe1 Rxd4 34. R8e7 a5 35. Ra7 a4 36. Rae7 Bxf1 37. Rxf1 Rd2 38. Rg1 Rxb2 39. Re4 Ra2 40. Rxf4 Rxa3 41. Rb4 Ra2 42. f4 Kg8 43. Kh1 Kf7 44. g4 Rd6 45. g5 Rd3 46. g6+ Kf6 0-1

[Event "HUN-chT4 1314"]
[Site "Hungary"]
[Date "2013.12.08"]
[Round "5.1"]
[White "Balogh, Akos"]
[Black "Harangozo, Tamas"]
[Result "1-0"]
[WhiteElo "1472"]
[BlackElo "1575"]
[PlyCount "71"]
[EventDate "2013.10.13"]
[EventType "team-tourn"]
[EventRounds "11"]
[EventCountry "HUN"]
[SourceTitle "EXT 2016"]
[Source "ChessBase"]
[SourceDate "2015.10.08"]
[SourceVersion "1"]
[SourceVersionDate "2015.10.08"]
[SourceQuality "1"]

1. e4 e6 2. d4 d5 3. e5 c5 4. c3 Nc6 5. a3 Qb6 6. Ne2 Nge7 7. dxc5 Qxc5 8. b4 Qb6 9. Be3 Qc7 10. f4 Nf5 11. Bf2 Be7 12. g4 Nh4 13. Ng3 Bd7 14. Nd2 0-0 15. g5 Rac8 16. Qg4 Ng6 17. h4 Rfd8 18. h5 Nf8 19. g6 fxg6 20. hxg6 Nxg6 21. Qh5 Nf8 22. Bd3 h6 23. Qg4 Be8 24. Rxh6 Nxe5 25. fxe5 Qxe5+ 26. Ne2 Qg5 27. Qxg5 Bxg5 28. Rh3 a6 29. 0-0-0 Bc6 30. Rg1 Bf6 31. Rf3 Nd7 32. Nf4 d4 33. Rh3 dxc3 34. Ne4 e5 35. Bc4+ Kf8 36. Rh8+ 1-0